Vizualizačný nástroj pre simulácie VANET sietí vytvorených v simulátore ns-3

Gespeichert in:
Bibliographische Detailangaben
1. Verfasser: Záborský, Radovan (Verfasst von)
Weitere Verfasser: Trúchly, Peter (Betreuung Doktorarbeit)
Format: Manuskript Buch
Sprache:Slowakisch
Veröffentlicht: 2025
Schlagworte:
Online-Zugang:http://is.stuba.sk/zp/portal_zp.pl?podrobnosti=183626
Tags: Tag hinzufügen
Keine Tags, Fügen Sie das erste Tag hinzu!

MARC

LEADER 00000ntm a22000003a 4500
001 stuzp105865
003 SK-STU
005 20250607211859.7
007 ta
008 150427s2015----xo-----f-mn---000-0-slo-d
040 |a STU  |b slo 
041 0 |a slo 
100 1 |a Záborský, Radovan  |u 070400  |4 aut  |U FIIT Fakulta informatiky a informačných technológií  |T FIIT Ústav počítačového inžinierstva a aplikovanej informatiky  |X 110916  |U I400  |Y 672  |7 110916 
242 0 1 |a Visualization tool for VANET network simulations created in ns-3 simulator  |y eng 
245 1 0 |a Vizualizačný nástroj pre simulácie VANET sietí vytvorených v simulátore ns-3 
260 |c 2025 
650 4 |a electron  |2 eng 
650 4 |a vanet  |2 eng 
650 4 |a sumo  |2 eng 
650 4 |a ns3  |2 eng 
650 4 |a visualization  |2 eng 
650 4 |a ns3  |2 slo 
650 4 |a vanet  |2 slo 
650 4 |a electron  |2 slo 
650 4 |a sumo  |2 slo 
650 4 |a vizualizácia  |2 slo 
700 1 |a Trúchly, Peter  |u 070400  |k Z1  |4 ths  |U FIIT Fakulta informatiky a informačných technológií  |T FIIT Ústav počítačového inžinierstva a aplikovanej informatiky  |X 1917  |U I400  |Y 672  |7 1917 
856 4 |u http://is.stuba.sk/zp/portal_zp.pl?podrobnosti=183626